Lataa...

Top management forum green productivity and role of top management in search of sustainable Asia through green products and services

Bibliografiset tiedot
Päätekijä: APO
Aineistotyyppi: Printed Book
Julkaistu: Asian Productivity Organization: Japan 1998
Aiheet:
LEADER 00656nam a2200193 4500
020 |a 9283322312 
082 |a 658.5 APO-T 
100 |a APO 
245 |a Top management forum green productivity and role of top management in search of sustainable Asia through green products and services  |c APO 
250
260 |a Asian Productivity Organization: Japan  |c 1998 
300 |a 134 p 
490
500
590 |b Gift 
650 |a Production and operations management--Product management 
942 |c BK 
999 |c 137239  |d 137239 
952 |0 0  |1 0  |4 0  |6 658_500000000000000_APOT  |7 0  |9 150699  |a IMK  |b IMK  |l 0  |o 658.5 APO-T  |p IMK04245  |r 2019-10-25  |w 2019-10-25  |y BK